=LDR 00000nam 2200000 4500 =001 INLIS000000000047509 =005 20151216142917.0 =006 =007 =008 =035 ##$$0010-121500000000050 =082 ##$$a 808.7 =090 ##$$a 808.7 per p =100 ##$$a tsai chih chung =245 ##$$a perjalanan yang menakjubkan =260 ##$$a elex media komputindo =300 ##$$a 171 hlm. =850 ##$$a NPBMAT =990 ##$$a 21101583